Movies Quiz

Random Movies or Quote Quiz
Score 0/19 Timer 05:00
0 Plays Today
Quote Movie % Correct
'I have nipples, Greg, could you milk me?'Meet the Parents
81.1%
'I've been frozen for 30 years. I've got to see if my bits and pieces are still working'Austin Powers: International Man of Mystery
75.8%
'My Mama says that alligators are ornery because they got all them teeth and no toothbrush.'The Waterboy
71.9%
'Plus it's not a purse, it's called a satchel. Indiana Jones wears one.'The Hangover
70.7%
'Well, yes but Blue was really old. And I feel pretty confident when we get the autopsy back it'll say natural causes.'Old School
65.1%
'Just when I thought you couldn't possibly be any dumber, you go and do something like this... and totally redeem yourself!'Dumb and Dumber
65%
'You know how when you grab a woman's breast... it feels like... a bag of sand.'The 40 Year Old Virgin
62.3%
'We can stay up late, swapping manly stories, and in the morning, I'm making waffles!'Shrek
62.2%
'I can Dere-lick my own balls, thank you very much.'Zoolander
60.9%
'I will smash your face into a car windshield, and then take your mother, Dorothy Mantooth, out for a nice seafood dinner and never call her again.'Anchorman: The Legend of Ron Burgundy
60.3%
Quote Movie % Correct
'Hey, what were they like anyway? They looked pretty good, are they real? Are they built for speed or comfort? What'd you do with them? Motorboat? You play the motorboat?'Wedding Crashers
60%
'You have the voice of an angel. Your voice is like a combination of Fergie and Jesus. 'Step Brothers
59.2%
'I have been touched by your kids... and I'm pretty sure that I've touched them.'The School of Rock
55.6%
'And then your Mommy said, 'Just do it already!' which was very confusing to Daddy, so I took the most literal translation. 'Knocked Up
48.4%
'He is the sweetest guy. Have you ever looked into his eyes? It was like the first time I heard the Beatles.'Superbad
47.5%
'Look man you told my fiancee she needs to give me bloweys, in front of my whole family. Alright you owe me. 'I Love You Man
44.1%
'No, I mean is, you can get a good look at a T-bone by sticking your head up a butcher's ass... No, wait. It's gotta be your bull.'Tommy Boy
41.9%
'Hey, man, y'all see a little Asian dude about this height with a steering wheel on his arm?'Rush Hour
35.2%
'Oh, if they were Sean Jean sweatpants it would be no problem, but because they were Costco brand, it's the worst thing I could do.'Forgetting Sarah Marshall
32.1%
Remove Ads.
Support Sporcle.
Get the best of Sporcle when you Go Orange. This ad-free experience offers more features, more stats, and more fun while also helping to support Sporcle. Thank you for becoming a member.

You're not logged in!

Compare scores with friends on all Sporcle quizzes.
OR
Log In

Show Comments

Extras

Top Quizzes Today


Score Distribution

Your Account Isn't Verified!

In order to create a playlist on Sporcle, you need to verify the email address you used during registration. Go to your Sporcle Settings to finish the process.

Report this User

Report this user for behavior that violates our Community Guidelines.

Details: